The older adult psychotherapy treatment planner / (Record no. 2393)

000 -LEADER
fixed length control field 03640cam a2200469 i 4500
001 - CONTROL NUMBER
control field 16544244
003 - CONTROL NUMBER IDENTIFIER
control field OSt
005 - DATE AND TIME OF LATEST TRANSACTION
control field 20180117085939.0
008 - FIXED-LENGTH DATA ELEMENTS--GENERAL INFORMATION
fixed length control field 101117s2011 nju b 000 0 eng
010 ## - LIBRARY OF CONGRESS CONTROL NUMBER
LC control number 2010048920
020 ## - INTERNATIONAL STANDARD BOOK NUMBER
International Standard Book Number 9780470551172 (pbk. : alk. paper)
035 ## - SYSTEM CONTROL NUMBER
System control number (DNLM)101547736
040 ## - CATALOGING SOURCE
Original cataloging agency DNLM/DLC
Transcribing agency DLC
Modifying agency DLC
Description conventions rda
042 ## - AUTHENTICATION CODE
Authentication code pcc
050 00 - LIBRARY OF CONGRESS CALL NUMBER
Classification number RC451.4.A5
Item number F755 2011
060 10 - NATIONAL LIBRARY OF MEDICINE CALL NUMBER
Classification number WT 150
082 00 - DEWEY DECIMAL CLASSIFICATION NUMBER
Classification number 618.97/689
Edition number 22
100 1# - MAIN ENTRY--PERSONAL NAME
Personal name Frazer, Deborah W.
Fuller form of name (Deborah Willets),
Relator term author.
245 14 - TITLE STATEMENT
Title The older adult psychotherapy treatment planner /
Statement of responsibility, etc. Deborah W. Frazer, Gregory A. Hinrichsen, Arthur E. Jongsma Jr.
250 ## - EDITION STATEMENT
Edition statement 2nd ed.
260 ## - PUBLICATION, DISTRIBUTION, ETC.
Place of publication, distribution, etc. Hoboken, N.J. :
Name of publisher, distributor, etc. John Wiley & Sons, Inc.,
Date of publication, distribution, etc. c2011.
300 ## - PHYSICAL DESCRIPTION
Extent xviii, 267 p. ;
Dimensions 26 cm.
490 1# - SERIES STATEMENT
Series statement PracticePlanners series
504 ## - BIBLIOGRAPHY, ETC. NOTE
Bibliography, etc. note Includes bibliographical references and index.
505 8# - FORMATTED CONTENTS NOTE
Formatted contents note Machine generated contents note: PracticePlanners® Series Preface -- Acknowledgments -- Introduction -- Sample Treatment Plan -- Activities of Daily Living (ADL/IADL) Deficits -- *Anxiety -- *Caregiver Distress -- Communication Deficits -- Decisional Incapacity -- *Depression -- *Disruptive Behaviors of Dementia -- Driving Deficit -- Elder Abuse and Neglect -- *Falls -- *Grief Unresolved -- *Interpersonal Disputes -- *Life Role Transition -- *Loneliness/Interpersonal Deficits -- *Mania/Hypomania -- Medical/Medication Issues Unresolved -- Memory Impairment -- Nutritional Deficits Unresolved -- *Obsessive-Compulsive Disorder (OCD) -- *Panic/Agoraphobia -- Paranoid Ideation -- *Persistent Pain -- *Phobia -- Residential Issues Unresolved -- Sexually Inappropriate Behavior -- *Sleep Disturbance -- Somatization -- Spiritual Confusion -- *Substance Abuse/Dependence -- *Suicidal Ideation/Behavior -- Appendix A: Bibliotherapy Suggestions -- Appendix B: Professional References for Evidence-based Chapters -- Appendix C: Recommended Assessment Measures for Non-Evidence-based Chapters -- Appendix D: Index of DSM-IV Codes Associated with Presenting Problems -- * Indicates that selected Objective/Interventions are consistent with those found in evidence-based treatments.
520 ## - SUMMARY, ETC.
Summary, etc. "Like its predecessor, The TheraScribe Older Adult Psychotherapy Treatment Planner, Second Edition provides clinicians all the elements necessary to quickly and easily develop formal treatment plans that satisfy the demands of HMOs, managed care companies, third-party payers, and state and federal agencies. In addition, this new edition has been thoroughly updated to include empirically supported, evidence-based treatment interventions for older adults with mental disorders. Geropsychologists, social workers, counselors, and other mental health professionals will appreciate the clear format of this timesaving resource" --Provided by publisher.
650 #0 - SUBJECT ADDED ENTRY--TOPICAL TERM
Topical term or geographic name entry element Geriatric psychotherapy.
650 #0 - SUBJECT ADDED ENTRY--TOPICAL TERM
Topical term or geographic name entry element Psychotherapy for older people.
650 #0 - SUBJECT ADDED ENTRY--TOPICAL TERM
Topical term or geographic name entry element Mental illness
General subdivision Treatment
-- Planning.
650 12 - SUBJECT ADDED ENTRY--TOPICAL TERM
Topical term or geographic name entry element Geriatric Psychiatry
General subdivision organization & administration.
650 12 - SUBJECT ADDED ENTRY--TOPICAL TERM
Topical term or geographic name entry element Patient Care Planning.
650 22 - SUBJECT ADDED ENTRY--TOPICAL TERM
Topical term or geographic name entry element Aged.
650 22 - SUBJECT ADDED ENTRY--TOPICAL TERM
Topical term or geographic name entry element Mental Disorders
General subdivision therapy.
650 22 - SUBJECT ADDED ENTRY--TOPICAL TERM
Topical term or geographic name entry element Psychotherapy
General subdivision methods.
700 1# - ADDED ENTRY--PERSONAL NAME
Personal name Hinrichsen, Gregory A.,
Dates associated with a name 1951-
Relator term author.
700 1# - ADDED ENTRY--PERSONAL NAME
Personal name Jongsma, Arthur E.,
Titles and other words associated with a name Jr.,
Dates associated with a name 1943-
Relator term author.
830 #0 - SERIES ADDED ENTRY--UNIFORM TITLE
Uniform title Practice planners.
906 ## - LOCAL DATA ELEMENT F, LDF (RLIN)
a 7
b cbc
c orignew
d 1
e ecip
f 20
g y-gencatlg
942 ## - ADDED ENTRY ELEMENTS (KOHA)
Source of classification or shelving scheme
Koha item type Book
Holdings
Withdrawn status Lost status Source of classification or shelving scheme Damaged status Not for loan Collection code Permanent Location Current Location Shelving location Date acquired Total Checkouts Full call number Barcode Date last seen Price effective from Koha item type
            Central Library (CL) Central Library (CL) General Stacks 06/26/2015   618.97/689 FRA S3H-S-41 06/26/2015 06/26/2015 Book
© 2023 Central Library, National University of Sciences and Technology. All Rights Reserved.